|
|
|
|
| LEADER |
02511nam a22003973i 4500 |
| 001 |
EBC6955768 |
| 003 |
MiAaPQ |
| 005 |
20231204023223.0 |
| 006 |
m o d | |
| 007 |
cr cnu|||||||| |
| 008 |
231204s2015 xx o ||||0 ger d |
| 020 |
|
|
|a 9783839408704
|q (electronic bk.)
|
| 020 |
|
|
|z 9783899428704
|
| 035 |
|
|
|a (MiAaPQ)EBC6955768
|
| 035 |
|
|
|a (Au-PeEL)EBL6955768
|
| 035 |
|
|
|a (OCoLC)1049913413
|
| 040 |
|
|
|a MiAaPQ
|b eng
|e rda
|e pn
|c MiAaPQ
|d MiAaPQ
|
| 100 |
1 |
|
|a Dotzler, Bernhard J.
|
| 245 |
1 |
0 |
|a Parasiten und Sirenen :
|b Zwischenräume als Orte der materiellen Wissensproduktion.
|
| 250 |
|
|
|a 1st ed.
|
| 264 |
|
1 |
|a Bielefeld :
|b transcript,
|c 2015.
|
| 264 |
|
4 |
|c {copy}2015.
|
| 300 |
|
|
|a 1 online resource (249 pages)
|
| 336 |
|
|
|a text
|b txt
|2 rdacontent
|
| 337 |
|
|
|a computer
|b c
|2 rdamedia
|
| 338 |
|
|
|a online resource
|b cr
|2 rdacarrier
|
| 490 |
1 |
|
|a Literalität und Liminalität
|
| 505 |
0 |
|
|a Cover Parasiten und Sirenen -- INHALT -- Einleitung Zu einer Epistemologie der Zwischenräume -- Parasitäre Verhältnisse -- Wirt oder Gast? Interaktionen zwischen Literaturkritik, experimenteller Psychologie und Medizin, 1890-1910 -- Der Löwe kommt. Nervöse Topologien bei Angelo Mosso -- Frauen am Rande der Datenverarbeitung. Zur Produktionsform einer Weltgeschichte der Technik -- Bioskopien -- Die Geschwindigkeit des Empfindens. Philosophie im Zeitalter der Bewegungstechnologien -- Leerstellen des Denkens. Die Entdeckung der physiologischen Zeit -- Eine Philosophie der Zwischenräume Whitehead und die Frage nach dem Leben -- Sirenen -- Die Sirene und das Klavier Vom Mythos der Sphärenharmonie zur experimentellen Sinnesphysiologie -- Stumme Gesänge Zur Geschichte einer Sirene im Berliner Medizinhistorischen Museum -- Sirenen Lösungen des Klangs vom Körper -- Anhang -- Dokumentation der ZwischenRäume 1-10.
|
| 588 |
|
|
|a Description based on publisher supplied metadata and other sources.
|
| 590 |
|
|
|a Electronic reproduction. Ann Arbor, Michigan : ProQuest Ebook Central, 2023. Available via World Wide Web. Access may be limited to ProQuest Ebook Central affiliated libraries.
|
| 655 |
|
4 |
|a Electronic books.
|
| 700 |
1 |
|
|a Schmidgen, Henning.
|
| 776 |
0 |
8 |
|i Print version:
|a Dotzler, Bernhard J.
|t Parasiten und Sirenen
|d Bielefeld : transcript,c2015
|z 9783899428704
|
| 797 |
2 |
|
|a ProQuest (Firm)
|
| 830 |
|
0 |
|a Literalität und Liminalität
|
| 856 |
4 |
0 |
|u https://ebookcentral.proquest.com/lib/matrademy/detail.action?docID=6955768
|z Click to View
|